| 000 | 00836nam a2200253 a 4500 | ||
|---|---|---|---|
| 001 | 43265 | ||
| 003 | BD-RjUL | ||
| 005 | 20211209053655.0 | ||
| 008 | 160620s1954 enk 001 0 eng | ||
| 020 | _c: $ 8 | ||
| 035 | _a(BD-RjUL)43383 | ||
| 040 |
_cIaU _dIaU _dCStclUL _dBD-RjUL _aBD-RjUL _beng |
||
| 041 | _aeng | ||
| 082 |
_a428 _223 _bGOC 1954 |
||
| 100 | 1 |
_aGowers, Ernest, _d1880-1966. _9132898 |
|
| 245 | 1 | 4 |
_aThe complete Plain words / _cBy Sir Ernest Gowers. |
| 250 | _a2nd edition | ||
| 260 |
_aLondon : _bH.M. Stationery Off. , _c1954. |
||
| 300 |
_aiii, 209 p. ; _c22 cm. |
||
| 500 | _a"A reconstruction of ... [the author's] two previous books, Plain words and ABC of plain words"--Pref. | ||
| 500 | _aIncludes index. | ||
| 650 | 0 |
_aEnglish language _v--Study and teaching _9132901 _2--Foreign Speaker |
|
| 942 |
_2ddc _cBK |
||
| 999 |
_c43265 _d43265 |
||